00631nam a22001697a 4500008004000000020001800040050002100058100002000079245012600099250001100225260004000236300004300276500004000319504003700359650002800396700003700424130813t sp||||| |||| 00| 0 esp d a978848076767504aN6260 bO43 20081 aO'Kane, Bernard10aTesoros del Islam :bmaravillas artísticas del mundo musulmán /cBernard O´Kane ; traducción: Marina Hughet Cuevas a1a ed. aBarcelona, España :bBlume,c2008 a224 paginas :biluatraciones, c31 cm. aTraducción de: Treasures of Islam aIncluye bibliografias e índice 72LembaArte xIslámico1 aHughet Cuevas, Marina, traductor